| 000 | 00770 a2200241 4500 | ||
|---|---|---|---|
| 003 | IN-BaIIA | ||
| 005 | 20251024115528.0 | ||
| 008 | 251024b |||||||| |||| 00| 0 eng d | ||
| 020 | _a978-3-030-52925-3 | ||
| 040 | _cIIA Library | ||
| 080 |
_a53 _bFUN |
||
| 245 |
_aFundamental physics and physics education research _cedited by Burra G. Sidharth, Jesus Carnicer Murillo, Marisa Michelini and Carmen Perea |
||
| 260 |
_aSwitzerland _bSpringer _c2021 |
||
| 300 | _axi, 290p. | ||
| 650 |
_aAstronomy _980 |
||
| 650 | _aCosmology | ||
| 650 |
_aSpace Sciences _94479 |
||
| 700 |
_aSidharth, Burra G. ed. _949282 |
||
| 700 |
_aMurillo, Jesus Carnicer ed. _949283 |
||
| 700 |
_aMichelini, Marisa ed. _949284 |
||
| 700 |
_aPerea, Carmen ed. _949285 |
||
| 942 |
_2udc _cBK |
||
| 999 |
_c36117 _d36117 |
||